000 00642nam a2200229 a 4500
008
020 _a0138804028m (pbk)
049 _aMAIN
090 _aTA168
100 1 _aAlaksen, Erik.
245 1 0 _aSystems engineering /
_cErik Aslaksen & Rod Belcher.
260 _aNew York :
_bPrentice-Hall,
_c1992.
300 _ax, 345 p. :
_bill. ;
_c24 cm.
504 _aIncludes bibliographical references.
500 _aIncludes index.
700 _aBelcher, Rod.
907 _a.b10175805
_b08-11-05
_c16-09-05
003
005 20230123134111.0
040 _cNUST
942 _cBOOKS
_kTA168
999 _c160041
_d160041